000 01814na a2200409 4500
001 20918
003 MIRAKIL
005 20190420000543.0
008 170215b tu n0 0 0
035 _a20918
040 _aMilas
_btur
_cTR-AnCHP
041 _atur
082 _aCHP 050
_bCYYD 2000-2007
090 _aCHP 050 DER 2
245 _aCHP Yerel Yönetim Dergisi
_c[yayınlayan] CHP İçişleri ve Yerel Yönetimler Birimi
246 _aCHP Yerel Yönetimler Bülteni
246 _aCHP Yerel Yönetimler Dergisi
260 _aAnkara
_bCHP İçişleri ve Yerel Yönetimler Birimi
_c2000-2007
300 _ac.
_bres.
_c28 sm.
310 _a6 aylık
321 _a2 aylık
321 _a3 aylık
362 _a1. sayı (Ekim-Kasım 2000)- 14. sayı (Mayıs 2007)
500 _aSayı 1-7 CHP Yerel Yönetimler Bülteni, 8-9 CHP Yerel Yönetimler dergisi adıyla; Sayı 10-14 CHP Yerel Yönetim Dergisi adıyla yayınlanmıştır
500 _aMevcut sayılar: (8) Mayıs 2003; (9) Şubat 2004 ; (10) Aralık 2004 ; (11) Aralık 2005 ; (12) Temmuz 2006 ; (13) Aralık 2006 ; (14) Mayıs 2007; (1) Ekim-Kasım 2000; (2) Ocak-Şubat 2001; (3) Mart-Nisan 2001; (5) Ağustos 2001; (6) Aralık 2001
500 _a4. ve 7. sayılar eksiktir
610 _aCumhuriyet Halk Partisi (CHP)
_bİçişleri ve Yerel Yönetimler Birimi
_xSüreli yayınlar
650 _aKamu yönetimi
_xSüreli yayınlar
650 _aSiyaset ve yönetim
_xSüreli yayınlar
650 _aYerel yönetimler
_xSüreli yayınlar
651 _aTürkiye
_xSiyaset ve yönetim
_ySüreli yayınlar
710 _aCumhuriyet Halk Partisi (CHP)
_bİçişleri ve Yerel Yönetimler Birimi
740 _aCHP Yerel Yönetimler Bülteni
740 _aCHP Yerel Yönetimler Dergisi
910 _aDERGİ 2
942 _2ddc
_cSER
_s1
999 _c11378
_d11378